[Event "Wch FIDE Online U12 Girls Africa qual"]
[Site "Tornelo INT"]
[Date "2020.11.30"]
[Round "6"]
[White "Randriamaharo, Mitia"]
[Black "Alguttani, Ghalya Faraj A"]
[Result "1-0"]
[WhiteElo "1280"]
[BlackElo "1344"]
[PlyCount "65"]
[EventDate "2020.11.28"]
[EventType "swiss (rapid)"]
[EventRounds "7"]
[EventCountry "ISS"]
[SourceTitle "EXT 2022"]
[Source "ChessBase"]
[SourceDate "2021.10.06"]
[SourceVersion "1"]
[SourceVersionDate "2021.10.06"]
[SourceQuality "1"]

1. e4 e5 2. Nf3 Nc6 3. Bc4 Nf6 4. Nc3 Bc5 5. 0-0 0-0 6. d3 d6 7. Bg5 h6 8. Bh4 Bg4 9. Nd5 Nd4 10. Nxf6+ gxf6 11. c3 Nxf3+ 12. gxf3 Bh3 13. Re1 Kg7 14. Kh1 Qd7 15. Rg1+ Kh7 16. Rg3 Rg8 17. Bxf6 Rxg3 18. fxg3 Rg8 19. Qd2 Rg6 20. Bh4 f5 21. b4 Bb6 22. a4 a6 23. a5 Ba7 24. Re1 c5 25. f4 exf4 26. Qxf4 Rg4 27. Qxf5+ Qxf5 28. exf5 cxb4 29. cxb4 b6 30. Re7+ Kh8 31. Rxa7 d5 32. Bxd5 Rxb4 33. Bf6# 1-0

[Event "Wch FIDE Online U12 Girls Africa qual"]
[Site "Tornelo INT"]
[Date "2020.11.28"]
[Round "1"]
[White "Alguttani, Ghalya Faraj A"]
[Black "Zenzile, Amahle"]
[Result "0-1"]
[WhiteElo "1344"]
[BlackElo "1319"]
[PlyCount "90"]
[EventDate "2020.11.28"]
[EventType "swiss (rapid)"]
[EventRounds "7"]
[EventCountry "ISS"]
[SourceTitle "EXT 2022"]
[Source "ChessBase"]
[SourceDate "2021.10.06"]
[SourceVersion "1"]
[SourceVersionDate "2021.10.06"]
[SourceQuality "1"]

1. c4 c6 2. Nc3 d5 3. c5 Nf6 4. d4 Bf5 5. g3 e6 6. Bg2 Be7 7. Bf4 Nbd7 8. Nf3 0-0 9. 0-0 Re8 10. e3 Ne4 11. Nxe4 Bxe4 12. Re1 Nf6 13. Ne5 Bxg2 14. Kxg2 h6 15. Qf3 Kf8 16. a3 g5 17. Bxg5 hxg5 18. Rh1 Kg7 19. h4 gxh4 20. Rxh4 Rh8 21. Qf4 Rxh4 22. Qg5+ Kf8 23. Qxh4 Ng8 24. Qh5 Qe8 25. Rh1 Bf6 26. Nf3 Ke7 27. Ng5 Bxg5 28. Qxg5+ Kd7 29. Qe5 Qe7 30. Rh7 Nf6 31. Rg7 Rg8 32. Rxg8 Nxg8 33. Qb8 Qd8 34. Qxb7+ Qc7 35. Qa6 Ne7 36. g4 Ng6 37. f4 f5 38. g5 Nh4+ 39. Kh3 Ng6 40. Qe2 Qxf4 41. Qh5 Qxe3+ 42. Kh2 Qf2+ 43. Kh1 Qe1+ 44. Kh2 Qf2+ 45. Kh3 Nf4# 0-1